00513nam a2200193 a 4500001001300000003000900013005001700022008004100039020002300080082001700103100002200120245002900142260004600171300000900217500003500226505002000261650001600281700002200297nice12345678IN_TiNIC20260116014245.0070417s2003 bana grp 000 0 eng  a8187218614 c10000a340.59bTAB1 aTabassum, Suraiya aWaiting for the New Dawn aBangalore bIndian Social Institutec2003 a161p aincludes index and biblioraphy2 aindex, Glossary aIslamic-Law1 aTabassum, Suraiya